000 00737nam a2200289Ia 4500
005 20260324120350.0
008 008 260324s9999 xx 000 0 eng d
020 _a9780429158186
037 _aEBOOK
040 _aCRL
040 _beng
040 _cCRL
041 _2eng
041 _aeng
084 _qCRL
100 _aA. K. Haghi; Seghir Maamir
_91158277
245 0 _aMechanical and Physico-Chemical Characteristics of Modified Materials
245 0 _bPerformance Evaluation and Selection
260 _bTaylor and Francis
260 _c2015
365 _a
365 _b280
856 _uhttp://www.taylorfrancis.com/books/9780429158186
942 _cEBOOK
999 _c1749779
_d1749779